Institucionální reforma Evropské unie
Európska rada, jej zloženie. Frekvencia zasadnutí a hlasovaní. Európska komisia. Zloženie, voľba a odvolanie Komisie. Rada ministrov. Európsky parlament. Zloženie a voľby. Postavenie národných parlamentov a ich zapojenie. Pôsobnosť EÚ - zásady subsidiarity a proporcionality. Kompetencie EÚ.
Saved in:
| Main Author: | |
|---|---|
| Format: | Book Chapter |
| Language: | Czech |
| Subjects: | |
| Tags: |
No Tags, Be the first to tag this record!
|
MARC
| LEADER | 00000naa$a2200000$$$4500 | ||
|---|---|---|---|
| 001 | 0004067 | ||
| 005 | 20231004105911.4 | ||
| 041 | 0 | |a cze | |
| 044 | |a CZ | ||
| 245 | 1 | 0 | |a Institucionální reforma Evropské unie |c aut. Markéta Pitrová |
| 520 | |a Európska rada, jej zloženie. Frekvencia zasadnutí a hlasovaní. Európska komisia. Zloženie, voľba a odvolanie Komisie. Rada ministrov. Európsky parlament. Zloženie a voľby. Postavenie národných parlamentov a ich zapojenie. Pôsobnosť EÚ - zásady subsidiarity a proporcionality. Kompetencie EÚ. | ||
| 610 | 2 | 0 | |a Európska únia |
| 610 | 2 | 0 | |a právomoc |
| 610 | 2 | 0 | |a reformy |
| 610 | 2 | 0 | |a štruktúra organizačná |
| 610 | 2 | 0 | |a organizácie medzinárodné |
| 610 | 2 | 0 | |a spolupráca hospodárska medzinárodná |
| 610 | 2 | 0 | |a inštitúcia |
| 100 | 1 | |a Pitrová, Markéta | |